[Event "AUTO-MASTER-1763"]
[Site "http://www.queenalice.com/game.php?id=1119463"]
[Date "2012.11.6"]
[Round "1"]
[White "Monjo"]
[Black "jepoy100"]
[Result "0-1"]
[WhiteElo "1953"]
[BlackElo "2044"]

1. e4 c5 2. Nf3 Nc6 3. d4 cxd4 4. Nxd4 d6 5. Nc3 Bd7 6. Be2 Nf6 7. O-O a6 8. Kh1
e6 9. f4 Be7 10. Nb3 O-O 11. h3 Rc8 0-1

[Event "AUTO-MASTER-1763"]
[Site "http://www.queenalice.com/game.php?id=1119464"]
[Date "2012.11.6"]
[Round "1"]
[White "jepoy100"]
[Black "Monjo"]
[Result "1-0"]
[WhiteElo "2038"]
[BlackElo "1813"]

1. e4 e5 2. Bc4 Bc5 3. Nf3 Nc6 4. O-O d6 5. h3 Nf6 6. Nc3 a6 7. d3 h6 8. a3 O-O
9. Be3 Bxe3 10. fxe3 Nh7 11. Qe1 Kh8 12. Qg3 f5 13. exf5 Bxf5 14. Nh4 Qd7 15. e4
1-0

[Event "AUTO-MASTER-1763"]
[Site "http://www.queenalice.com/game.php?id=1119479"]
[Date "2012.11.6"]
[Round "1"]
[White "arthurgomes"]
[Black "jepoy100"]
[Result "0-1"]
[WhiteElo "1931"]
[BlackElo "2081"]

1. e4 c5 2. Bc4 Nc6 3. Nf3 d6 4. h3 Nf6 5. Nc3 a6 6. a4 e6 7. O-O Be7 8. d4 cxd4
9. Nxd4 Bd7 10. Ba2 O-O 11. Re1 Rc8 12. Be3 Ne8 13. Nf3 Nc7 14. Bb6 Qe8 15. Bb3
Na8 16. Be3 Nc7 17. a5 Kh8 18. Ng5 Bxg5 19. Bxg5 Ne5 20. Qxd6 Ng6 21. Qd1 Nb5
22. Nxb5 Bxb5 23. c3 Rc5 24. Be3 Rc8 25. Ba4 Qc6 26. Bxb5 Qxb5 27. Qc2 Rfd8 28.
Bb6 Rd6 29. b3 Nf4 30. c4 Qg5 31. g3 Nxh3+ 32. Kf1 Rd2 33. Qc3 Rd6 34. e5 Rd7
35. Re4 Qf5 36. Rae1 Ng5 37. g4 Qg6 38. R4e3 h6 39. f4 Nh7 40. Rg3 Re8 41. Bf2
Red8 42. Ree3 Nf8 43. Kg2 Rd2 44. f5 exf5 45. Rd3 R2xd3 46. Rxd3 Qxg4+ 47. Rg3
Qe4+ 48. Rf3 Ne6 49. Kf1 Rd1+ 50. Kg2 Ng5 51. Qe3 Nxf3 52. Qxf3 Qxf3+ 53. Kxf3
Rd3+ 54. Kf4 Rxb3 55. Bb6 g6 56. e6 fxe6 57. Ke5 Rb4 58. c5 Re4+ 59. Kf6 g5 60.
Bc7 Kh7 61. Be5 g4 62. Kxe6 f4 63. Kf5 Rxe5+ 64. Kxe5 f3 65. Kf4 f2 66. Kxg4
f1=Q 67. c6 bxc6 0-1

[Event "AUTO-MASTER-1763"]
[Site "http://www.queenalice.com/game.php?id=1119480"]
[Date "2012.11.6"]
[Round "1"]
[White "jepoy100"]
[Black "arthurgomes"]
[Result "1-0"]
[WhiteElo "2039"]
[BlackElo "1929"]

1. e4 e5 2. Bc4 Nc6 3. Nf3 Be7 4. O-O Nf6 5. Nc3 O-O 6. d3 h6 7. h3 d6 8. a3 a6
9. Be3 b5 10. Ba2 Bb7 11. Nh2 Nd4 12. f4 c5 13. fxe5 dxe5 14. Rc1 b4 15. Ne2 a5
16. Qe1 Kh8 17. Bc4 Ba6 18. Ba2 Nd7 19. Rxf7 Rxf7 20. Bxf7 Bh4 21. Bf2 Bg5 22.
Rd1 Nxc2 23. Qf1 Qe7 24. Bb3 Ne3 25. Bxe3 Bxe3+ 26. Kh1 Rf8 27. Nf3 Nb6 28. Ng3
Bd4 29. Nf5 Qf6 30. Qe1 g5 31. axb4 axb4 32. Qg3 Bxb2 33. Rd2 Bc3 34. Ra2 Bxd3
35. h4 Bxe4 36. Nxh6 Qxh6 37. Nxg5 c4 38. Ra7 Bd5 39. Rh7+ Qxh7 40. Nxh7 Kxh7
41. Bc2+ Kh8 42. Qg6 Bxg2+ 43. Qxg2 b3 44. Bb1 Bd4 45. Qg6 Rf1+ 46. Kh2 Rxb1 47.
Qxb1 b2 48. h5 c3 49. Qg6 Be3 50. Qe8+ Kh7 51. Qg6+ Kh8 52. h6 Bxh6 53. Qxh6+
Kg8 54. Qxb6 e4 55. Kg3 e3 56. Kf3 Kf7 57. Kxe3 Ke7 58. Kd3 1-0

[Event "AUTO-MASTER-1763"]
[Site "http://www.queenalice.com/game.php?id=1119489"]
[Date "2012.11.6"]
[Round "1"]
[White "rok66"]
[Black "jepoy100"]
[Result "1-0"]
[WhiteElo "2043"]
[BlackElo "2067"]

1. e4 c5 2. Nf3 Nc6 3. d4 cxd4 4. Nxd4 d6 5. Nc3 Nf6 6. Be2 e6 7. O-O Be7 8. Be3
O-O 9. f4 a6 10. Bf3 Bd7 11. Qe1 Rc8 12. g4 e5 13. Nf5 Be6 14. Qg3 g6 15. Nh6+
Kg7 16. f5 Bc4 17. Rf2 Nd4 18. g5 Nxf3+ 19. Rxf3 Nh5 20. f6+ Bxf6 21. gxf6+ Nxf6
22. Qh4 Nh5 23. Qf2 Nf4 24. Bxf4 exf4 25. Rh3 Qf6 26. Kh1 Rfe8 27. Rg1 b5 28.
Ng4 Qe7 29. Qxf4 Rh8 30. Ne3 h6 31. Nf5+ 1-0

[Event "AUTO-MASTER-1763"]
[Site "http://www.queenalice.com/game.php?id=1119490"]
[Date "2012.11.6"]
[Round "1"]
[White "jepoy100"]
[Black "rok66"]
[Result "1-0"]
[WhiteElo "2064"]
[BlackElo "2087"]

1. e4 c5 2. Bc4 Nc6 3. Nf3 Nf6 4. Nc3 d6 5. d3 a6 6. O-O e6 7. a3 Be7 8. Bg5 h6
9. Bh4 Qc7 10. h3 Nd4 11. Nxd4 cxd4 12. Ne2 g5 13. Bg3 e5 14. c3 dxc3 15. bxc3
Nxe4 16. Bxf7+ Kxf7 17. dxe4 Be6 18. Kh1 h5 19. f4 exf4 20. Bh2 Bf6 21. Rc1 Ke7
22. Nd4 Bd7 23. Nf5+ Bxf5 24. exf5 Be5 25. Qd5 Qd7 26. Qe4 Kf6 27. Rfe1 b5 28.
c4 bxc4 29. Rxc4 Qxf5 30. Qe2 g4 31. Rf1 Kg6 32. Rc7 f3 33. gxf3 g3 34. f4 Bxf4
35. Rxf4 Qxf4 36. Bxg3 Qf5 37. Qg2 Rhg8 38. Bh4+ Kh6 39. Qd2+ Rg5 40. Bxg5+ Qxg5
41. Rh7+ Kg6 42. Rg7+ 1-0

[Event "AUTO-MASTER-1773"]
[Site "http://www.queenalice.com/game.php?id=1125670"]
[Date "2012.11.24"]
[Round "1"]
[White "bbbdermn"]
[Black "jepoy100"]
[Result "1-0"]
[WhiteElo "2154"]
[BlackElo "2056"]

1. d4 d5 2. c4 e6 3. Nc3 Nf6 4. Bg5 Be7 5. e3 O-O 6. Rc1 b6 7. Nf3 Bb7 8. cxd5
exd5 9. Bd3 h6 10. Bf4 Ne4 11. Bxc7 Qxc7 12. Nxe4 dxe4 13. Rxc7 1-0

[Event "AUTO-MASTER-1773"]
[Site "http://www.queenalice.com/game.php?id=1125671"]
[Date "2012.11.24"]
[Round "1"]
[White "jepoy100"]
[Black "bbbdermn"]
[Result "0-1"]
[WhiteElo "2050"]
[BlackElo "2192"]

1. e4 c5 2. Bc4 e6 3. Nc3 Nc6 4. Nf3 a6 5. d3 Nf6 6. O-O Be7 7. a3 O-O 8. Bf4 b5
9. Ba2 d6 10. Be3 Bb7 11. Qd2 Re8 12. Ng5 d5 13. Nd1 dxe4 14. Nxe4 Nxe4 15. dxe4
Qxd2 16. Bxd2 Rad8 17. Be3 Nd4 18. Bxd4 Rxd4 19. f3 Bg5 20. Kh1 Red8 21. Nf2 Bf6
22. c3 Rd2 23. Rab1 c4 24. Ng4 Bh4 25. Ne3 Bg5 26. f4 Be7 27. Rfd1 Bxe4 28. Rbc1
Bc5 29. Re1 f5 30. Bb1 Bxe3 31. Rxe3 Bxg2+ 32. Kg1 Bb7 33. Rxe6 Rg2+ 34. Kf1
Rxh2 35. Rce1 Rdd2 36. R6e2 Rdxe2 37. Rxe2 Rh1+ 38. Kf2 Rxb1 39. Rd2 h5 40. Kg3
Rh1 41. Rd8+ Kh7 42. Rd7 h4+ 0-1

[Event "AUTO-MASTER-1773"]
[Site "http://www.queenalice.com/game.php?id=1125686"]
[Date "2012.11.24"]
[Round "1"]
[White "rotwein"]
[Black "jepoy100"]
[Result "1-0"]
[WhiteElo "2135"]
[BlackElo "2040"]

1. e4 c5 2. Nc3 Nc6 3. Bb5 d6 4. Bxc6+ bxc6 5. d3 Nf6 6. f4 Bg4 7. Nf3 e6 8. O-O
Be7 9. h3 Bh5 10. g4 Nxg4 11. hxg4 Bxg4 12. Qe1 h5 13. Nh2 Bh4 14. Qe3 f5 15.
Nxg4 hxg4 16. exf5 Bf6 17. Qxe6+ Qe7 18. Re1 Qxe6 19. fxe6 Ke7 20. f5 Rh5 21.
Rf1 Rah8 22. Bf4 Rh3 23. Ne4 d5 24. Nxf6 gxf6 25. Kg2 R8h7 26. Rh1 R7h5 27. Rxh3
Rxh3 28. Bg3 Rh5 29. Rf1 Rg5 30. Bh4 Rg7 31. Kg3 Rg8 32. Rf4 Kd6 33. Rxg4 Rb8
34. Bxf6 d4 35. Rg7 c4 36. Rd7+ Kc5 37. e7 cxd3 38. cxd3 1-0

[Event "AUTO-MASTER-1773"]
[Site "http://www.queenalice.com/game.php?id=1125687"]
[Date "2012.11.24"]
[Round "1"]
[White "jepoy100"]
[Black "rotwein"]
[Result "1/2-1/2"]
[WhiteElo "2048"]
[BlackElo "2042"]

1. e4 e5 2. Bc4 Nf6 3. Nc3 Bc5 4. d3 d6 5. h3 Be6 6. Bb3 Nc6 7. Nf3 O-O 8. O-O
h6 9. Be3 Bxe3 10. fxe3 Bxb3 11. axb3 d5 12. exd5 Nxd5 13. Nxd5 Qxd5 14. Qe1 e4
15. dxe4 Qxe4 16. Qc3 Rae8 17. Rae1 Re6 18. Nd4 Rg6 19. Qd2 Rd8 20. c3 Ne5 21.
Qe2 c5 22. Nf5 Rg5 23. Rf4 Qd3 24. Qf2 Ng6 25. Rf3 Ne5 26. Rf4 Ng6 27. Rf3 Ne5
28. Rf4 1/2-1/2

[Event "AUTO-MASTER-1773"]
[Site "http://www.queenalice.com/game.php?id=1125698"]
[Date "2012.11.24"]
[Round "1"]
[White "jepoy100"]
[Black "Belbo"]
[Result "1-0"]
[WhiteElo "2059"]
[BlackElo "1864"]

1. e4 c5 2. Bc4 e6 3. Nc3 a6 4. d3 b5 5. Bb3 Nc6 6. a3 Nf6 7. Nf3 d5 8. exd5
exd5 9. O-O Be7 10. Bg5 Be6 11. Re1 O-O 12. Qd2 d4 13. Na2 Bxb3 14. cxb3 Re8 15.
h3 Qd5 16. Qc2 Rac8 17. Nc1 h6 18. Bf4 Bd6 19. Qd2 Rxe1+ 20. Nxe1 Re8 21. Bxd6
Qxd6 22. Nf3 Qd5 23. a4 b4 24. Ne2 Qxb3 25. Nf4 g5 26. Ne2 Qe6 27. Ng3 1-0

[Event "AUTO-MASTER-1773"]
[Site "http://www.queenalice.com/game.php?id=1125699"]
[Date "2012.11.24"]
[Round "1"]
[White "Belbo"]
[Black "jepoy100"]
[Result "0-1"]
[WhiteElo "1873"]
[BlackElo "2050"]

1. e4 c5 2. Nf3 Nc6 3. Bb5 d6 4. O-O Bd7 5. d4 cxd4 6. Nxd4 Nf6 7. Nc3 a6 8.
Nxc6 bxc6 9. Bc4 e6 10. Bg5 h6 11. Bh4 g5 12. Bg3 h5 13. Bxd6 g4 14. Bxf8 Kxf8
15. Qd4 Qe7 16. f4 h4 17. e5 Nd5 18. f5 Nxc3 19. f6 Qb4 20. bxc3 Qb7 21. Qd6+
Kg8 22. Rad1 Be8 23. Rf4 Rh6 24. Rxg4+ Rg6 25. Rxg6+ fxg6 26. Bxe6+ Bf7 27. Bd7
Bd5 0-1

[Event "AUTO-MASTER-1775"]
[Site "http://www.queenalice.com/game.php?id=1126727"]
[Date "2012.11.29"]
[Round "1"]
[White "Elafsson"]
[Black "jepoy100"]
[Result "0-1"]
[WhiteElo "1910"]
[BlackElo "2016"]

1. e4 c5 2. d3 Nc6 3. Nf3 d6 4. Nc3 Nf6 5. g3 Bg4 6. Bg2 e6 7. h3 Bh5 8. O-O Be7
9. Be3 Ne5 10. g4 Bg6 11. Nxe5 dxe5 12. f4 exf4 13. Bxf4 O-O 14. h4 h6 15. h5
Bh7 16. Rb1 Bd6 17. e5 Be7 0-1

[Event "AUTO-MASTER-1775"]
[Site "http://www.queenalice.com/game.php?id=1126728"]
[Date "2012.11.29"]
[Round "1"]
[White "jepoy100"]
[Black "Elafsson"]
[Result "1-0"]
[WhiteElo "2028"]
[BlackElo "1898"]

1. e4 e5 2. Bc4 Nc6 3. Nf3 Nf6 4. Nc3 Bc5 5. O-O d6 6. h3 Be6 7. Bb3 h6 8. d3
Qd7 9. Nd5 Bxd5 10. exd5 Na5 11. c4 O-O 12. Bc2 b6 13. Qe1 Nb7 14. Be3 Nh5 15.
d4 exd4 16. Bxd4 Nf4 17. Qe4 Ng6 18. Nh4 1-0

[Event "AUTO-MASTER-1775"]
[Site "http://www.queenalice.com/game.php?id=1126745"]
[Date "2012.11.29"]
[Round "1"]
[White "jepoy100"]
[Black "leduar"]
[Result "1-0"]
[WhiteElo "2051"]
[BlackElo "1975"]

1. e4 e5 2. Bc4 Nf6 3. Nc3 Bc5 4. Nf3 Nc6 5. O-O O-O 6. d3 h6 7. Be3 Bxe3 8.
fxe3 d6 9. Qe1 Nb4 10. Bb3 Be6 11. Nd5 Nbxd5 12. exd5 Bxd5 13. Bxd5 Nxd5 14. c4
Nf6 15. Qg3 Nh7 16. Rf2 Qd7 17. Raf1 f6 18. b3 Rf7 19. Nh4 g5 20. Nf5 h5 21.
Nh6+ Kg7 22. Nxf7 Qxf7 23. Qf3 c6 24. d4 Rd8 25. Qf5 Re8 26. h3 h4 27. Rd2 exd4
28. Rxd4 Re5 29. Qf2 Qe6 30. Rd3 f5 31. Rfd1 f4 32. exf4 Rf5 33. Rxd6 Qe8 34.
Qd4+ 1-0

[Event "AUTO-MASTER-1775"]
[Site "http://www.queenalice.com/game.php?id=1126746"]
[Date "2012.11.29"]
[Round "1"]
[White "leduar"]
[Black "jepoy100"]
[Result "1-0"]
[WhiteElo "1977"]
[BlackElo "2091"]

1. e4 c5 2. Nf3 Nc6 3. Bc4 d6 4. d4 cxd4 5. Nxd4 Bd7 6. Qf3 Ne5 7. Qb3 Nxc4 8.
Qxc4 Nf6 9. Nc3 a6 10. O-O e6 11. a4 Be7 12. Qb3 Rb8 13. Nf3 O-O 14. e5 Ne8 15.
Bf4 Bc6 16. Nd4 Qc7 17. Qa2 dxe5 18. Nxc6 bxc6 19. Bg3 Bf6 20. Ne4 c5 21. Nxf6+
Nxf6 22. Rfe1 Nd7 23. Rad1 Rfd8 24. Qa1 Nb6 25. Bxe5 Rxd1 26. Qxd1 Qb7 27. Bxb8
Qxb8 28. b3 c4 29. Qd4 cxb3 30. cxb3 g6 31. a5 Nd5 32. Rb1 Qb5 33. b4 Qc6 34.
Qc5 Qa4 35. g3 Qa2 36. Re1 Qd2 37. Rc1 Nxb4 38. Qc8+ Kg7 39. Qc3+ Qxc3 40. Rxc3
h5 41. Kf1 g5 42. Ke2 f5 43. Rc4 Nd5 44. Rc6 1-0

[Event "AUTO-MASTER-1775"]
[Site "http://www.queenalice.com/game.php?id=1126747"]
[Date "2012.11.29"]
[Round "1"]
[White "jepoy100"]
[Black "erig1969"]
[Result "1-0"]
[WhiteElo "2028"]
[BlackElo "1886"]

1. e4 c5 2. Bc4 g6 3. Nc3 Bg7 4. d3 Nc6 5. Be3 e6 6. Nf3 Nd4 7. O-O a6 8. a3 Qc7
9. Ng5 Be5 10. f4 Bg7 11. f5 gxf5 12. exf5 Nxf5 13. Qf3 d5 14. Bxd5 Ngh6 15. Bc4
Nd6 16. Bf4 Rb8 17. Rae1 b5 18. Ba2 Nhf5 19. Be5 Bxe5 20. Rxe5 h6 21. Nge4 Bb7
22. Nxd6+ Qxd6 23. Qe2 Nh4 24. Rf2 Rg8 25. g3 Qc6 26. Bd5 Qb6 27. Bxe6 Kd8 28.
Bxf7 Nf3+ 29. Rxf3 Bxf3 30. Qxf3 c4+ 31. Kg2 Rg5 32. Qd5+ 1-0

[Event "AUTO-MASTER-1775"]
[Site "http://www.queenalice.com/game.php?id=1126748"]
[Date "2012.11.29"]
[Round "1"]
[White "erig1969"]
[Black "jepoy100"]
[Result "1-0"]
[WhiteElo "1890"]
[BlackElo "2038"]

1. d4 d5 2. c4 e6 3. cxd5 exd5 4. Nc3 Nf6 5. Bg5 Be7 6. e3 O-O 7. Bd3 Bg4 8. Qb3
b6 9. Bxf6 Bxf6 10. Qxd5 c6 11. Qe4 g6 12. Qxg4 Nd7 13. Ne4 Bg7 14. Nh3 Qe7 15.
Qe2 Rad8 16. O-O c5 17. d5 Ne5 18. d6 Qe8 19. Nhg5 h6 20. Nh3 Nxd3 21. Qxd3 Qc6
22. Rad1 Be5 23. b3 Rfe8 24. f4 Bg7 25. Ng3 Re6 26. e4 Rexd6 27. Qc2 Bd4+ 28.
Kh1 Kg7 29. f5 Be5 30. Rxd6 Rxd6 31. fxg6 Rxg6 32. Nf5+ Kf8 33. Qd2 Bf6 34. Nf4
Bg5 35. Nxg6+ Qxg6 36. Qd6+ 1-0

[Event "Challenge"]
[Site "http://www.queenalice.com/game.php?id=1144013"]
[Date "2013.1.23"]
[Round "-"]
[White "jepoy100"]
[Black "jeancarlo1910"]
[Result "1-0"]
[WhiteElo "2070"]
[BlackElo "1514"]

1. e4 c5 2. Nf3 Nc6 3. Bc4 e6 4. d3 g6 5. O-O Bg7 6. Nc3 Bxc3 7. bxc3 d6 8. Bg5
f6 9. Bd2 Bd7 10. Qe2 Nge7 11. d4 cxd4 12. cxd4 Qc7 13. c3 O-O 14. Bb3 Kg7 15.
Qe3 d5 16. exd5 Nf5 17. Qd3 exd5 18. Bxd5 Rae8 19. Rfe1 Nd6 20. Bf4 g5 21. Bg3
Bg4 22. Bb3 Qd8 23. h3 Bf5 24. Qd2 Ne4 25. Qb2 Nxg3 26. fxg3 Be4 27. Bc2 Bxf3
28. gxf3 Qc7 29. Kg2 a6 30. Re4 Ne7 31. Rae1 1-0

[Event "AUTO-MASTER-1763"]
[Site "http://www.queenalice.com/game.php?id=1163763"]
[Date "2013.3.22"]
[Round "2"]
[White "rok66"]
[Black "jepoy100"]
[Result "1-0"]
[WhiteElo "2036"]
[BlackElo "2049"]

1. e4 c5 2. Nf3 Nc6 3. d4 cxd4 4. Nxd4 d6 5. c4 Bd7 6. Nc3 e6 7. Ndb5 Qb8 8. Bf4
e5 9. Be3 a6 10. Na3 Nf6 11. Nc2 Be7 12. Be2 O-O 13. O-O Qc7 14. a4 1-0

[Event "AUTO-MASTER-1763"]
[Site "http://www.queenalice.com/game.php?id=1163764"]
[Date "2013.3.22"]
[Round "2"]
[White "jepoy100"]
[Black "rok66"]
[Result "0-1"]
[WhiteElo "2032"]
[BlackElo "2053"]

1. e4 c5 2. Bc4 e6 3. d3 d6 4. Ne2 Nf6 5. O-O Nc6 6. a3 Be7 7. Be3 Qc7 8. f3 O-O
9. Nd2 Rb8 10. Rc1 b5 11. Ba2 a5 12. c3 a4 13. Bf4 Qa5 14. Be3 Bd7 15. Ng3 Rfc8
0-1

[Event "AUTO-MASTER-1763"]
[Site "http://www.queenalice.com/game.php?id=1163769"]
[Date "2013.3.22"]
[Round "2"]
[White "jepoy100"]
[Black "peritezz"]
[Result "0-1"]
[WhiteElo "2060"]
[BlackElo "2186"]

1. e4 c6 2. d4 d5 3. e5 c5 4. c3 cxd4 5. cxd4 Bf5 6. Bd3 Bxd3 7. Qxd3 e6 8. Ne2
Bb4+ 9. Bd2 Bxd2+ 10. Nxd2 Ne7 11. O-O Nbc6 12. a3 Nf5 13. Nf3 O-O 14. Rac1 Qb6
15. b4 a6 16. h3 Rac8 17. g4 Nfe7 18. Ng5 Ng6 0-1

[Event "AUTO-MASTER-1763"]
[Site "http://www.queenalice.com/game.php?id=1163770"]
[Date "2013.3.22"]
[Round "2"]
[White "peritezz"]
[Black "jepoy100"]
[Result "1-0"]
[WhiteElo "2177"]
[BlackElo "2072"]

1. d4 d5 2. c4 e6 3. cxd5 exd5 4. Nf3 Bf5 5. Bg5 f6 6. Bf4 Bd6 7. Bxd6 Qxd6 8.
Nc3 c6 9. e3 Ne7 10. Be2 O-O 11. O-O Nd7 12. Rc1 Rae8 13. Nh4 Be6 14. Bd3 a6 15.
Qc2 f5 16. Ne2 Rf6 17. Nf3 Rh6 18. Nf4 Nf6 19. a4 1-0

[Event "AUTO-MASTER-1763"]
[Site "http://www.queenalice.com/game.php?id=1163771"]
[Date "2013.3.22"]
[Round "2"]
[White "jepoy100"]
[Black "HILITO"]
[Result "0-1"]
[WhiteElo "2017"]
[BlackElo "2078"]

1. e4 c6 2. d4 d5 3. e5 Bf5 4. Bd3 Bxd3 5. Qxd3 e6 6. Ne2 Qb6 7. O-O c5 8. c3
Nc6 9. b3 cxd4 10. cxd4 Rc8 11. Be3 Nge7 12. Ng3 Nb4 13. Qd1 Nc2 14. Nd2 Nxa1
15. Qxa1 Nc6 16. Nh5 Ne7 17. Ng3 Ng6 18. f4 Bb4 19. f5 Bxd2 20. Bxd2 Nxe5 21.
fxe6 O-O 0-1

[Event "AUTO-MASTER-1763"]
[Site "http://www.queenalice.com/game.php?id=1163772"]
[Date "2013.3.22"]
[Round "2"]
[White "HILITO"]
[Black "jepoy100"]
[Result "1-0"]
[WhiteElo "2078"]
[BlackElo "2017"]

1. e4 c5 2. Nf3 Nc6 3. d3 d6 4. Nbd2 Bd7 5. g3 Nf6 6. Bg2 e6 7. O-O Be7 8. Re1
O-O 9. Nf1 Rc8 10. h3 a6 11. g4 b5 12. Bf4 Ne8 13. Bh2 f6 14. Ng3 Nc7 15. c3 Kh8
16. Rc1 f5 17. exf5 exf5 18. gxf5 Bxf5 19. Nxf5 Rxf5 20. d4 Ne8 21. Qd3 Rf8 22.
Re6 Nc7 23. Re2 1-0